| 000 | 00836cam a22002653a 4500 | ||
|---|---|---|---|
| 001 | 4206 | ||
| 003 | PGUSA | ||
| 005 | 20140828083050.0 | ||
| 008 | 030701s2003||||xxu|||||s|||||000 | eng d | ||
| 040 |
_aPGUSA _beng |
||
| 042 | _adc | ||
| 050 | 4 | _aE740 | |
| 100 | 1 |
_aLane, Franklin K., _d1864-1921 |
|
| 245 | 1 | 4 |
_aThe Letters of Franklin K. Lane, Personal and Political _h[electronic resource] / _cFranklin K. Lane |
| 260 |
_bProject Gutenberg, _c2003 |
||
| 506 | _aPublic domain in the USA. | ||
| 516 | _aElectronic text | ||
| 653 | _aWorld War, 1914-1918 -- United States | ||
| 653 | _aUnited States -- Politics and government -- 1913-1921 | ||
| 700 | 1 | _aLane, Anne Wintermute | |
| 700 | 1 |
_aWall, Louise Herrick, _d1866- |
|
| 830 | 0 |
_aProject Gutenberg _v4206 |
|
| 856 | 4 | 0 | _uhttp://www.gutenberg.org/ebooks/4206 |
| 942 | _cEB | ||
| 999 |
_c233535 _d233535 |
||